Loading...
| Mythology | 0 | 6 | 0 | 1 | 60 | 77 | 98.83 | 0 | 0 | 13.14 | 22.78 |
| Literature - World | 0 | 6 | 1 | 0 | 55 | 82 | 104.17 | 0 | 1 | 14.35 | 27.00 |
| Literature - European | 0 | 6 | 1 | 1 | 55 | 97 | 114.00 | 0 | 0 | 9.64 | 24.33 |
| Literature - American | 0 | 4 | 0 | 0 | 40 | 86 | 105.50 | 0 | 0 | 10.45 | 15.17 |
| History - American | 0 | 4 | 0 | 1 | 40 | 78 | 106.25 | 0 | 0 | 6.33 | 13.61 |
| Literature - British | 0 | 4 | 0 | 0 | 40 | 70 | 106.25 | 0 | 0 | 10.36 | 12.50 |
| Fine Arts - Other | 0 | 4 | 1 | 1 | 35 | 116 | 129.25 | 0 | 0 | 0.07 | 9.67 |
| Science - Physics | 0 | 3 | 0 | 0 | 30 | 110 | 118.33 | 0 | 0 | 1.60 | 7.67 |
| Fine Arts - Painting and Sculpture | 0 | 3 | 1 | 0 | 25 | 89 | 104.67 | 0 | 0 | 5.36 | 4.50 |
| Philosophy | 0 | 3 | 1 | 1 | 25 | 100 | 120.00 | 0 | 0 | 0.99 | 3.83 |
| Religion | 0 | 3 | 1 | 1 | 25 | 95 | 109.33 | 0 | 1 | 2.12 | 9.44 |
| Social Science | 0 | 2 | 0 | 1 | 20 | 110 | 111.50 | 0 | 0 | 0.00 | 1.83 |
| Other Academic | 0 | 2 | 0 | 1 | 20 | 89 | 103.00 | 0 | 1 | 8.19 | 33.33 |
| History - Other | 0 | 3 | 3 | 1 | 15 | 81 | 95.00 | 0 | 0 | 6.88 | 9.11 |
| History - World | 0 | 2 | 1 | 0 | 15 | 83 | 97.50 | 0 | 0 | 4.42 | 6.00 |
| Current Events | 0 | 1 | 0 | 1 | 10 | 128 | 128.00 | 0 | 0 | 0.00 | 6.67 |
| Science - Chemistry | 0 | 1 | 0 | 1 | 10 | 118 | 118.00 | 0 | 0 | 0.00 | 0.83 |
| Science - Biology | 0 | 1 | 0 | 1 | 10 | 115 | 115.00 | 0 | 0 | 0.00 | 1.00 |
| Popular Culture | 0 | 1 | 0 | 0 | 10 | 94 | 94.00 | 0 | 0 | 15.94 | 29.17 |
| Fine Arts - Classical Music | 0 | 1 | 0 | 1 | 10 | 127 | 127.00 | 0 | 0 | 0.00 | 0.83 |
| History - European | 0 | 1 | 1 | 0 | 5 | 49 | 49.00 | 0 | 1 | 5.70 | 7.50 |
| Science - Other | 0 | 0 | 0 | 0 | 0 | 0.00 | 0 | 0 | 0.00 | 0.00 |